000
00249nam a22001217a 4500
040
_c
HS
082
_a
531
100
_a
NA
245
_a
Principes et methodes de la vulgarisation agricole
260
_a
AIP
_b
NA
_c
1985
300
_a
178p;
942
_c
FB
999
_c
9501
_d
9501